000 00376nam a22001337a 4500
020 _a9781461269106
082 _a515.7 ZEI
100 _aZeidler, Eberhard
245 _aApplied functional analysis : applications to mathematical physics
260 _aNew York
_bSpringer
_c1995
300 _a481p
942 _2ddc
_cBK
999 _c554520
_d554520